| 000 | 00824nam a2200301Ia 4500 | ||
|---|---|---|---|
| 001 | A8543 | ||
| 003 | IT-RoPAU | ||
| 008 | 130308s9999 xx 000 0 und d | ||
| 040 | _aIT-RoPAU | ||
| 040 | _cIT-RoPAU | ||
| 041 | _aITALIANO | ||
| 100 | _aMosso Domenico | ||
| 100 | _gCodice Aut. SPICS: 3507 | ||
| 245 | _aComunione ai malati | ||
| 245 | _bEnciclopedia di Pastorale-3-Liturgia | ||
| 250 | _a1a ed. | ||
| 260 | _aCASALE MONFERRATO (AL) | ||
| 260 | _bPiemme | ||
| 260 | _c1988 [1° Ed.:1988 - Ed.Ling.Originale:1988] | ||
| 300 | _a"3 p. (prefazione: no ; testo: 3 [pagine: 239-241])" | ||
| 500 | _aComunione e Messa. Pastorale dei Malati. Viatico. | ||
| 650 | _aINTRODUZIONE ALLA LITURGIA | ||
| 650 | _eCodice materia Spics: 9150 | ||
| 942 | _cBK | ||
| 957 | _71 | ||
| 999 |
_c63187 _d63187 |
||
| 999 | _bSI | ||
| 999 | _g1 | ||